Country Quiz: South Sudan 🇸🇸 - Statistics

General Stats
  • This quiz has been taken 27 times
  • The average score is 19 of 28
Answer Stats
Hint Answer % Correct
English
100%
Sudan
100%
Language Arabic
93%
Capital Juba
93%
Time zones 1 (UTC+2)
86%
Independence 2011
86%
South Sudan has produced many players of this teamsport, who went on and got signed to this global organisation NBA / Basketball
86%
Nationality South Sudanese
86%
This animal is a major source of wealth in South Sudan, and often more valuable than the actual currency Cattle
79%
Main Religion Christianity
79%
Democratic Republic of the Congo
79%
Ethiopia
79%
Kenya
79%
Currency Pound
79%
Uganda
79%
United Kingdom
79%
Between 1899-1956, these two countries ruled Sudan (present-day Sudan and South Sudan), but only one of these had true authority over the area Egypt
71%
Main River Nile
71%
Main Export (goods) Oil
71%
Bordering countries Central African Republic
64%
1/44 Countries to lack access to any ocean, otherwise known as... Landlocked
43%
Home to the largest swamp in Africa, called.... Sudd
43%
Long-time rebel leader who played an essential part in South Sudan's eventual independence, who died in 2005 in a helicopter crash John Garang
36%
Founding Father and Most Famous Leader (2011-) Salva Kiir Mayardit
36%
Climate Tropical
36%
Second-Largest City Malakal
29%
Controversial Vice-President who, in 2013, was accused by the President of planning a coup against him, culminating in a major civil war. He resumed and remained VP since 2016 Riek Machar
29%
State-Condition Republic
21%
No matching quizzes found
Score Distribution
Percent of People with Each Score
Percentile by Number Answered
Your Score History
You have not taken this quiz